| 000 | 00723nam a2200193 4500 | ||
|---|---|---|---|
| 001 | 143870 | ||
| 003 | ES-MaACL | ||
| 005 | 20250905161414.0 | ||
| 007 | t| | ||
| 008 | 070214s1906 sp r ||||1| spa d | ||
| 100 | 1 |
_aShakespeare, William, _d1564-1616 _9105992 |
|
| 245 | 1 | 0 |
_aMacbeth _b: tragedia en cinco actos / _cWilliam Shakespeare ; traducida directamente y adaptada a la escena española por José López Tomás. |
| 260 |
_aMadrid : _bSociedad de Autores Españoles, _c1906 ( _eValladolid : _fImp. Castellana) |
||
| 300 |
_a63 p. ; _c21 cm. |
||
| 700 | 1 |
_aLópez Tomás, José, _dn. 1860 _974000 |
|
| 710 | 2 |
_aSociedad General de Autores de España. _96773 |
|
| 852 |
_aES-MaACL _j1609-F-3 |
||
| 999 |
_c143870 _d143870 |
||